000
00305nam a2200121Ia 4500
008
190216s9999||||xx |||||||||||||| ||und||
100
_a
Peter F Drucker
245
0
_a
Management Task Responsibilities Practises
260
_b
Mannora Publications
_c
1975
300
_a
839p
650
_a
Commerce
942
_c
BK
999
_c
7450
_d
7450